000 00792nam a2200241Ia 4500
003 GCL
008 140319s9999 xx 000 0 ara d
040 _aGCL /
_cGCL
082 0 4 _a812.009
_bو ف
100 1 _aوليد منير
245 1 0 _aفضاء الصوت الدرامى دراسة فى مسرح صلاح عبد الصبور /
_cوليد منير
260 _a[S.N] :
_bالهيئة المصرية العامة للكتاب ،
_c1992
300 _a261 ص
490 _a
650 0 4 _aالشعر العربى
650 0 4 _aالادب العربى
650 0 4 _aدواوين وقصائد
650 0 4 _aالمسرح العربى
650 0 4 _aصلاح عبدالصبور
650 0 4 _aتاريخ ونقد
650 0 4 _aالمسرحيات العربية
942 _2ddc
_cBK
999 _c29902
_d29902